| 000 | 01117cab a2200277 4500 | ||
|---|---|---|---|
| 001 | WB2703-34 | ||
| 008 | 090401t1991 xxu||||| |||| 00| 0 eng d | ||
| 035 | _a(Sirsi) u74307 | ||
| 041 | _aeng | ||
| 245 | _aCompany news | ||
| 260 | _c1991 | ||
| 350 | _a0 | ||
| 490 |
_aTimes _v11 January 1991, 20 |
||
| 490 |
_aDaily Telegraph _v15 January 1991, 25 |
||
| 490 |
_aFinancial Times _v16 January 1991, 24 |
||
| 490 |
_aChartered Surveyor Weekly _v34(2) 17 January 1991,11&13(2) |
||
| 520 | _aFletcher King , Debenham Tewson and Chinnocks and Savills have all announced disappointing results . The 104 directors of Lambert Smith Hampton , the national chain of consultant surveyors and valuers put together for £36m by Abaco Investments - part of the failed British and Commonwealth Holdings - have bought the business from the B&C administrator for only £5m. | ||
| 650 | _aBUY-OUTS | ||
| 650 | _aCOMMERCIAL AGENCY | ||
| 650 | _aESTATE AGENCY | ||
| 650 | _aLISTED COMPANY | ||
| 650 | _aRECESSION | ||
| 690 | _aMANAGEMENT-BUSINESS MANAGEMENT-PROFESSIONAL PRACTICE | ||
| 942 | _n0 | ||
| 948 | _c04/03/1997 | ||
| 999 |
_c46904 _d46904 |
||